00976nam a22002777a 4500003000400000005001700004008004100021020001500062040002300077041000800100050002400108100003300132245006300165260004700228300005300275500007600328504004200404650004100446650006400487650003100551650002800582650002400610650003300634942001400667999001700681OSt20260601171017.0260508b\\\\\\\\||||||||\||||\00|\0\eng\d a3929638703 aICIbspacICIerda aeng aNK2195.E9bT73 2002 aMorgan, Conway Lloyd.934164 1aTrade fair design annual 2002/2003 /cConway Lloyd Morgan. aLudwigsburg, Germany :bAV Edition,c2002. a240 páginas :bilustraciones a color ;c31 cm. aAnuario internacional de diseño de ferias y exposiciones comerciales. aIncluye referencias bibliográficas. aFerias comercialesxDiseño.934165 aExposiciones comercialesxDiseño y construcción.934166 aDiseño de stands.934167 aArquitectura efímera. aDiseño comercial. aMercadotecnia visual.934170 2lcccBn1 c20748d20748